Przystanki tramwajowe w gdańsku - Statystyki

Ogólne statystyki
  • Ten quiz został rozwiązany 724 razy
    19 od ostatniego zresetowania
  • Średni wynik to 83 z 131
Statystyki odpowiedzi
ilość linii podpowiedź odpowiedź % Poprawnych
6 (7 z linią sezonową) - brama oliwska
86%
6 (7 z linią sezonową) - brama wyżynna
86%
4 - galeria bałtycka
86%
2 (3 z linią sezonową) - głęboka
86%
4 - jaśkowa dolina
86%
3 pętla jelitkowo
86%
6 (7 z linią sezonową) - opera bałtycka
86%
2 (3 z linią sezonową) pętla stogi
86%
6 (7 z linią sezonową) - traugutta
86%
2 (3 z linią sezonową) - akademia muzyczna
79%
6 (7 z linią sezonową) - chodowieckiego
79%
8 (9 z linią sezonową) - dworzec główny
79%
1 krańcówka lawendowe wzgórze
79%
5 (6 z linią sezonową) - mickiewicza
79%
5 (6 z linią sezonową) - reja
79%
2 (3 z linią sezonową) pętla stogi plaża
79%
3 - uniwersytet gdański
79%
6 (7 z linią sezonową) - uniwersytet medyczny
79%
4 - wojska polskiego
79%
2 (3 z linią sezonową) - brama żuławska
71%
1 krańcówka brętowo PKM
71%
2 pętla uliczna brzeźno dom zdrojowy
71%
2 (3 z linią sezonową) - chmielna
71%
4 (6 z linią sezonową) - cieszyńskiego
71%
3 - helska
71%
4 - klonowa
71%
2 (3 z linią sezonową) - kościuszki
71%
4 (6 z linią sezonową) pętla łostowice świętokrzyska
71%
4 - miszewskiego teatr miniatura
71%
5 (7 z linią sezonową) - odrzańska
71%
4 pętla oliwa
71%
3 - plac solidarności
71%
5 (7 z linią sezonową) - pohulanka
71%
4 - politechnika
71%
4 - pomorska
71%
2 (3 z linią sezonową) pętla w wybrane kursy przeróbka
71%
3 - startowa
71%
3 - stocznia SKM
71%
4 pętla strzyża PKM
71%
4 - wilka-krzyżanowskiego
71%
5 (6 z linią sezonową) - wyspiańskiego
71%
2 (3 z linią sezonową) - żabi kruk
71%
4 pętla zaspa
71%
2 - belgradzka
64%
4 - bora-komorowskiego
64%
1 - budapesztańska
64%
5 (7 z linią sezonową) - chałubińskiego
64%
1 pętla chełm witosa
64%
4 - czerwony dwór
64%
2 (3 z linią sezonową) - grudziądzka
64%
2 - hucisko
64%
4 - kołobrzeska
64%
2 (3 z linią sezonową) - kolonia uroda
64%
3 - legionów
64%
2 - marynarki polskiej
64%
2 przystanek jednokierunkowy na zaspę
64%
2 pętla uliczna nowy port oliwska
64%
3 - osiedle wejhera
64%
4 - piastowska
64%
4 (6 z linią sezonową) - płocka
64%
2 - powstańców warszawskich
64%
4 (6 z linią sezonową) - przemyska
64%
4 (6 z linią sezonową) - śródmieście SKM
64%
2 - stadion
64%
1 - stolema
64%
3 - tetmajera
64%
3 - twarda
64%
2 (3 z linią sezonową) - Ugory eMOCja
64%
1 pętla w wybrane kursy ujeścisko
64%
2 - warneńska
64%
4 (6 z linią sezonową) - wilanowska
64%
2 - zakopiańska
64%
4 - zamenhofa
64%
3 - żwirki i wigury
64%
3 - bajana
57%
3 - bażyńskiego
57%
2 (3 z linią sezonową) pętla brzeźno plaża
57%
2 - ciasna
57%
2 (3 z linią sezonową) przystanek jednokierunkowy (nie dotyczy linii sezonowej) dworska
57%
1 - dworzec PKS
57%
2 przystanek jednokierunkowy gdańska
57%
3 przystanek jednokierunkowy gospody
57%
3 - jana pawła II
57%
1 - kasztanowa
57%
1 - krasickiego
57%
1 - królewskie wzgórze
57%
1 - łabędzia
57%
1 - latarnia morska
57%
3 - łódzka
57%
2 przystanek jednokierunkowy mazurska
57%
1 była krańcowka migowo
57%
1 przystanek jednokierunkowy nowe ogrody
57%
3 - obrońców westerplatte
57%
2 (3 z linią sezonową) - okopowa
57%
3 - opacka
57%
2 - paska
57%
3 - piotrkowska
57%
3 - pomorska osiedle
57%
2 przystanek jednokierunkowy przychodnia
57%
2 przystanek jednokierunkowy rybołowców
57%
2 - skrajna
57%
2 - śnieżna
57%
3 - stocznia północna
57%
3 - subisława
57%
2 przystanek jednokierunkowy uczniowska
57%
2 przystanek jednokierunkowy wczasy
57%
1 - węzeł grodecka
57%
2 pętla nieużywana liniowo węzeł kliniczna
57%
1 - zabornia
57%
2 - żaglowa-AmberExpo
57%
2 (3 z linią sezonową) przystanek jednokierunkowy (nie dotyczy linii sezonowej) aleja płażyńskiego
50%
4 (6 z linią sezonową) - cebertowicza
50%
3 - derdowskiego
50%
1 - kolumba
50%
2 - mostostal
50%
1 pętla uliczna nowy port góreckiego
50%
2 - piekarnicza
50%
3 - plac komorowskiego
50%
2 pętla w wybrane kursy siedlce
50%
2 (3 z linią sezonową) - sucharskiego
50%
2 - swojska
50%
1 przystanek jednokierunkowy urząd miejski
50%
3 przystanek jednokierunkowy władysława IV
50%
2 (3 z linią sezonową) - zimna
50%
2 (3 z linią sezonową) - kaczeńce
43%
2 (3 z linią sezonową) - lenartowicza
43%
1 - politechnika SKM
43%
2 (3 z linią sezonową) przystanek jednokierunkowy rozłogi
43%
5 (7 z linią sezonową) - sikorskiego
43%
3 - częstochowska
36%
2 przystanek jednokierunkowy sternicza
29%
Nie znaleziono quizów pasujących do podanych kryteriów
Rozkład punktacji
Procent ludzi z każdym wynikiem
Percentyl według liczby udzielonych odpowiedzi
Twoja historia wyników
Nie rozwiązałeś tego quizu od ostatniego zresetowania